01454nam a22001577a 450000500170000000800410001702000190005805000160007710000030009324500510009626000530014730000280020050510240022870000220125270000220127420230613130611.0230613b ||||| |||| 00| 0 eng d a9780077126841  aHB615.H5752  aEntrepreneurship./ cRobert D.Hisrich , et al. aGlasgow;bMcGraw-Hill Custom publishing ,c2009. avii,593p.:bill,c28cm. aContents : The nature and importance of entrepreneurship -- The entrepreneurial Mind-set -- Entrepreneurial intentions and corporate entrepreneurship -- International entrepreneurship opportunities -- Creativity, the business idea, and opportunity analysis -- Intellectual property and other legal issues for the entrepreneur -- The business plan: creating and starting the venture -- The marketing plan -- The organizational plan -- The financial plan -- Sources of capital -- Informal risk capital, venture capital, and going public -- Entrepreneurial strategy: generating and exploiting new entries -- Strategies for growth and managing the implication of growth -- Going global -- Accessing resources for growth from external sources -- Ending the venture -- Working question -- Competing for development (BI); the intermediate technology development group -- Social enterprise under diversity: bridge EXP in kibera (A) -- care Kenya : making socail enterprise sustainable -- Yogurt mamas: probiotics in Tanzania  aPeters Micheal P. aShepherd Dean A